| 000 | 01067cam a2200301 a 4500 | ||
|---|---|---|---|
| 005 | 20260322212039.0 | ||
| 008 | data | ||
| 010 | _a 2010924355 | ||
| 020 | _a9780738579306 | ||
| 020 | _a0738579300 | ||
| 040 |
_aDLC _cDLC _dDLC |
||
| 043 | _an-us-az | ||
| 050 | 0 | 0 |
_aF819.K56 _bM47 2010 |
| 082 | 0 | 0 |
_a979.1/59 _222 |
| 092 | _a979.1 M47 2010 | ||
| 100 | 1 | _aMessersmith, Dan W. | |
| 245 | 1 | 0 |
_aKingman / _cDan W. Messersmith. |
| 260 |
_aCharleston, SC : _bArcadia Pub., _cc2010. |
||
| 300 |
_a127 p. : _bchiefly ill. ; _c24 cm. |
||
| 490 | 0 | _aImages of America | |
| 650 | 0 |
_aAeronautics _zKingman _zKingman _xHistory _vPictorial works. |
|
| 651 | 0 |
_aKingman (Ariz.) _xHistory _vPictorial works. |
|
| 651 | 0 |
_aKingman (Ariz.) _xSocial life and customs _vPictorial works. |
|
| 651 | 0 |
_aKingman (Ariz.) _vPictorial works. _vPictorial works. |
|
| 856 | 4 | 2 |
_3Contributor biographical information _uhttp://www.loc.gov/catdir/enhancements/fy1011/2010924355-b.html |
| 856 | 4 | 2 |
_3Publisher description _uhttp://www.loc.gov/catdir/enhancements/fy1011/2010924355-d.html |
| 001 | data | ||
| 999 |
_c928 _d928 |
||